| 000 | 00493nam a2200145 4500 | ||
|---|---|---|---|
| 999 |
_c512104 _d512104 |
||
| 008 | 191101b ||||| |||| 00| 0 eng d | ||
| 100 |
_aSasikumar, S.K. _912890 |
||
| 245 | _aIndian labour migration to the Gulf: Recent trends, the regulatory environment and new evidences on migration costs | ||
| 260 | _bProductivity | ||
| 300 | _a60(2), Jul-Sep, 2019: p.111-125. | ||
| 650 |
_aLabour - India _912891 |
||
| 773 | _aProductivity | ||
| 906 | _aMigration - Gulf countries | ||
| 942 |
_2ddc _cAR |
||